00969nam a22002057a 450000500170000000800450001702000790006202000370014105000210017824501920019925000110039126001030040230000290050550400280053465000320056265000310059470000480062570000450067370000450071820241205134501.0241205b mx |||||||| |||| 00| 0 spa d a9786078164011 (Consejo de Ciencia y Tecnología del Estado de Guanajuato) a9786074024241 (Plaza y Valdés)04aT173.8bI56 201100aInnovación, transferencia tecnológica y políticas : retos y oportunidades c / Adriana Martínez Martínez, Alejandro García Garnica, Pedro Luis López de Alba (coordinadores). a1a ed. aMéxico :bConsejo de Ciencia y Tecnología del Estado de Guanajuato : bPlaza y Valdés,c2011 a374 p. :bil. ;c23 cm. aIncluye bibliografías 4aInnovaciones tecnológicas 4aInvestigación industrial1 aMartínez Martínez, Adrianaecoordinador1 aGarcía Garnica, Alejandroecoordinador1 aLópez de Alba, Pedro Luisecoordinador